Statistics for Countries that start with D

Click here to take the quiz!

General Stats

  • This quiz has been taken 17 times
  • The average score is 4 of 5

Answer Stats

Answer% Correct
Denmark
100%
Djibouti
88%
Dominican Republic
82%
Dominica
76%
Democratic Republic of Congo
35%

Score Distribution

Percentile by Number Answered

Percent of People with Each Score

Your Score History

You have not taken this quiz